000 00318nam a22001337a 4500
008 170605b xxu||||| |||| 00| 0 eng d
020 _a9781862271302
041 _aeng
080 _a94
100 _a18
101 _aSHH
245 _aA MILITARY HISTORY OF THE LAST JACOBITE RISING
_cREID.S
942 _2udc
_cBK
999 _c15926
_d15926